01792 2200469 4500001002100000005001500021035002000036008004100056020001800097041000800115082001000123084001600133100001400149245002800163250001900191260003000210300003500240504001500275520045400290650002500744650007300769990002400842990002400866990002400890990002400914990002400938990002400962990002400986990002401010990002401034990002401058990002401082990002401106990002401130990002401154990002401178990002401202990002401226990002401250990002401274990002401298INLIS00000000000825920221026052914 a0010-0520008259221026 | | ind  a9789792908855 aind a336.2 a336.2 MAR p0 aMardiasmo1 aPerpajakan /cMardiasmo aEd. Rev. ke-16 aYogyakarta :bAndi,c2009 axxv, 355p. :b: ilus. ;c23cm. ap. 353-355 aBuku ini merupakan penyempurnaan pada tahun 2009 yang telah disesuaikan dengan Undang-undang, Peraturan Pemerintah, Peraturan Menteri Keuangan, dan Peraturan Direktur Jendral Pajak. Didalamnya mengupas mengenai Ketentuan Umum dan Tata Cara Perpajakan (KUP), Pajak Penghasilan (PPh), Pajak Pertambahan Nilai dan Pajak Penjualan Barang Mewah (PPN & PPnBM), Bea Materai, Pajak Bumi dan Bangunan (PBB), Bea Perolehan Hak Atas Tanah dan Bangunan (BPHTB). 4aTaxation - Indonesia 4aIncome tax - Indonesia; Tax administration and procedure - Indonesia a17069/MKRI-P/X-2010 a17070/MKRI-P/X-2010 a17067/MKRI-P/X-2010 a17068/MKRI-P/X-2010 a17070/MKRI-P/X-2010 a17069/MKRI-P/X-2010 a17067/MKRI-P/X-2010 a17068/MKRI-P/X-2010 a17069/MKRI-P/X-2010 a17070/MKRI-P/X-2010 a17067/MKRI-P/X-2010 a17068/MKRI-P/X-2010 a17068/MKRI-P/X-2010 a17069/MKRI-P/X-2010 a17070/MKRI-P/X-2010 a17067/MKRI-P/X-2010 a17067/MKRI-P/X-2010 a17069/MKRI-P/X-2010 a17070/MKRI-P/X-2010 a17068/MKRI-P/X-2010